000
00286nam a22001097a 4500
008
230627b xxu||||| |||| 00| 0 eng d
082
_a
338.9
_b
GPK
245
_a
Sessional Paper No. 77 of 1956/57
_b
The Development Programme 1957/60
260
_b
GOK
300
_a
IV,100p
942
_2
ddc
_c
BK
999
_c
2890
_d
2890